051_ Personnalités nées un 20 février par images - Statistiques

Statistiques générales
  • Ce quiz a été pris 41 fois
  • Le résultat moyen est 4 sur 9
Statistiques - réponses
Par images Hint Réponse % Correct
Chanteuse Rihanna
93%
Chanteur Kurt Cobain
76%
Footballeur Rudi Garcia
56%
Acteur Fred Testot
54%
Rappeur Gringe
34%
Chanteuse Ophélie Winter
34%
Chanteuse Olivia Rodrigo
27%
Mannequin et Skieuse Ivana Trump
10%
Réalisateur Robert Altman
10%
Aucun quiz correspondant
Distribution des résultats
% des personnes avec chaque résultat
Percentile par nombre de réponses
Votre historique - résultats
Vous n’avez pas pris ce quiz